LIBRARY & INFORMATION CENTRE, KCAET, TAVANUR

ONLINE PUBLIC ACCESS CATALOGUE (OPAC)

Fits, tolerences and engineering measurement / (Record no. 6015)

MARC details
000 -LEADER
fixed length control field 00428cam a2200157ua 4500
041 ## - LANGUAGE CODE
Language code of text/sound track or separate title eng
082 ## - DEWEY DECIMAL CLASSIFICATION NUMBER
Classification number 620.30287
Item number TRA/FI
100 ## - MAIN ENTRY--AUTHOR NAME
Personal name Tarasevich, Y .
245 ## - TITLE STATEMENT
Title Fits, tolerences and engineering measurement /
260 ## - PUBLICATION, DISTRIBUTION, ETC. (IMPRINT)
Place of publication Moscow :
Name of publisher Foreign Language Publishing House ,
Year of publication 1961.
300 ## - PHYSICAL DESCRIPTION
Number of Pages 160 ; .
700 1# - ADDED ENTRY--PERSONAL NAME
Personal name Yavoish, E .
942 ## - ADDED ENTRY ELEMENTS (KOHA)
Koha item type Books
Holdings
Withdrawn status Lost status Damaged status Home library Current library Date acquired Full call number Accession Number Koha item type
      KAUAET KAUAET 07/04/2012 620.30287 1859 Books
free website counter